| 000 | 01280nam a2200337 c 4500 | ||
|---|---|---|---|
| 001 | 4009 | ||
| 003 | ES-MaCES | ||
| 005 | 20141221121707.0 | ||
| 008 | 960528s1996 sp ||| | spa d | ||
| 035 | _aCES19980040419m | ||
| 040 |
_aES-MaCES _bspa _cES-MaCES |
||
| 100 | 1 |
_aOnrubia Fernández, Jorge _919971 |
|
| 245 | 1 | 3 |
_aEl modelo organizativo-institucional del sector público _b: la necesaria compatibilidad de los aspectos micro y macroeconómicos _cJorge Onrubia Fernández |
| 260 |
_a[Madrid?] _bInstituto de Estudios Fiscales _c[1996] |
||
| 300 |
_a49 p. _c25 cm |
||
| 490 | 1 |
_aPapeles de trabajo _v6-96 |
|
| 504 | _aBibliografía: p. 45-49 | ||
| 541 | _cGratuito | ||
| 650 | 4 |
_asector público _927150 |
|
| 650 | 4 |
_aorganización institucional _927196 |
|
| 650 | 4 |
_ainvestigación en la administración empresarial _930349 |
|
| 650 | 4 |
_areforma administrativa _927223 |
|
| 650 | 4 |
_ateoría económica _927076 |
|
| 650 | 4 |
_aEspaña _926964 |
|
| 653 | 1 | 0 | _aAdministración-Instituciones públicas |
| 710 | 1 |
_aInstituto de Estudios Fiscales (Madrid) _eed. _94158 |
|
| 830 | 0 |
_aPapeles de trabajo (Instituto de Estudios Fiscales (Madrid)) _v6-96 _932314 |
|
| 902 | _aDOC Literatura gris | ||
| 942 |
_2CES _cBK _h6.3. |
||
| 999 |
_c4009 _d4009 |
||